000 00303nam a22001337a 4500
008 170612b xxu||||| |||| 00| 0 eng d
020 _a9780691049526
041 _aeng
080 _a32
100 _a19
101 _aSHP
245 _aGREAT CASES IN CONSTITUTIONAL LAW
_cGEORGE, R.P
942 _2udc
_cBK
999 _c16913
_d16913